Lista de jogos eletrônicos mais vendidos - Statistics

Estatísticas Gerais
  • Esse quiz foi jogado 291 vezes
  • A pontuação média é 5 de 15
Estatísticas das Respostas
Número de Vendas Jogos % Correto
238.000.000 Minecraft
84%
165.000.000 Grand Theft Auto V
79%
47.520.000 Pokémon Red / Green / Blue / Yellow
50%
58.000.000 Super Mario Bros
50%
170.000.000 Tetris
43%
44.000.000 Red Dead Redemption 2
27%
53.790.000 Mario Kart 8 / Deluxe
21%
37.380.000 Mario Kart Wii
21%
42.071.635 Pac-Man
21%
75.000.000 PlayerUnknown's Battlegrounds
21%
82.900.000 Wii Sports
19%
44.000.000 Terraria
17%
40.000.000 The Witcher 3: Wild Hunt
14%
38.640.000 Animal Crossing: New Horizons
6%
43.800.000 Wii Fit / Plus
5%
Nenhum quiz correspondente encontrado
Distribuição das Pontuações
Porcentagem de Pessoas com Cada Pontuação
Percentil de Números Respondidos
Sua Pontuação Histórica
Você não jogou esse quiz